00662nam a22002177a 4500003000500000005001700005008004100022010001000063011001000073035001000083040000900093082001200102100003500114245006000149260007200209300001000281500009600291650001700387700002000404700002000424CHAP20220329133749.0971013s1963 r 00010 d a10514 a11486 a10724 cCHAP a582bD300aDalla Torre, Karl Wilhelm von. aGenera siphonogamarum ad systema Englerianum conscripta aWiesbaden :bVerlag fur Wissenschaftliche Neudrucke G.M.B.H.,c1963 a637 p aFacimilar de la ed. original con pie de imprenta : Lipsiae, Guileolmi, Engelmann, 1900-190714aEmbryophyta.0 aEngler, Adolfo.0 aHarms, Hermann.